| 000 | 00838cam a2200253 a 4500 | ||
|---|---|---|---|
| 001 | 2578622 | ||
| 005 | 20180823081644.0 | ||
| 008 | 960315s1996 nyua b s001 0 eng | ||
| 010 | _a 96013431 | ||
| 020 | _a0814735150 (alk. paper) | ||
| 020 | _a0814735355 (pbk. : alk. paper) | ||
| 040 |
_aDLC _cDLC _dDLC |
||
| 041 | _aeng | ||
| 043 | _an-us--- | ||
| 080 | _a613.907 | ||
| 082 | 0 | 0 |
_a613.907 _220 |
| 100 | 1 | _a2 | |
| 101 | _aSHM | ||
| 245 | 1 | 0 |
_aTeaching about sexuality and HIV : _cEvonne Hedgepeth and Joan Helmich. |
| 504 | _aIncludes bibliographical references (p. 285-287) and index. | ||
| 906 |
_a7 _bcbc _corignew _d1 _eocip _f19 _gy-gencatlg |
||
| 942 |
_2ddc _cBK |
||
| 999 |
_c47280 _d47280 |
||